MARC

LEADER 00000nam0a2200000 4500
001 325042
005 20231102003727.0
035 |a (RuTPU)RU\TPU\book\350653 
035 |a RU\TPU\book\350649 
090 |a 325042 
100 |a 20161128d1919 km y0rusy50 ca 
101 0 |a rus 
102 |a RU 
105 |a b z 001zy 
200 1 |a Бор и его соединения, их свойства, применение и нахождение в пределах России и в смежных с нею областях  |f В. Г. Хлопин 
210 |a Петроград  |c 2-я Государственная типография  |d 1919 
215 |a 86 с.  |c ил., карта 
225 1 |a Материалы для изучения естественных производительных сил России,издаваемые Комиссией при Российской Академии наук  |v Вып. 33 
320 |a Библиогр.: с. 79-83 
606 1 |a Боросиликаты  |x Месторождения  |2 stltpush  |3 (RuTPU)RU\TPU\subj\30104  |9 53272 
606 1 |a Бор, соединения  |x Производство  |2 stltpush  |3 (RuTPU)RU\TPU\subj\32278  |9 54877 
610 1 |a свойства 
610 1 |a применение 
610 1 |a распространение в природе 
610 1 |a исторический очерк 
610 1 |a борная кислота 
610 1 |a химический анализ 
675 |a 553.67  |v 4 
675 |a 661.65  |v 4 
700 1 |a Хлопин  |b В. Г. 
801 1 |a RU  |b 63413507  |c 20161128 
801 2 |a RU  |b 63413507  |c 20200708  |g RCR 
942 |c BK